<?xml version="1.0" encoding="UTF-8"?>
<record
    xmlns:xsi="http://www.w3.org/2001/XMLSchema-instance"
    xsi:schemaLocation="http://www.loc.gov/MARC21/slim http://www.loc.gov/standards/marcxml/schema/MARC21slim.xsd"
    xmlns="http://www.loc.gov/MARC21/slim">

  <leader>02248nam a22002297a 4500</leader>
  <controlfield tag="005">20250407103543.0</controlfield>
  <controlfield tag="008">250121b           ||||| |||| 00| 0 eng d</controlfield>
  <datafield tag="020" ind1=" " ind2=" ">
    <subfield code="a">9788194558385</subfield>
  </datafield>
  <datafield tag="040" ind1=" " ind2=" ">
    <subfield code="c">AL</subfield>
  </datafield>
  <datafield tag="041" ind1=" " ind2=" ">
    <subfield code="a">Kannada</subfield>
  </datafield>
  <datafield tag="082" ind1=" " ind2=" ">
    <subfield code="2">23</subfield>
    <subfield code="a">K894.3</subfield>
    <subfield code="b">NATK</subfield>
  </datafield>
  <datafield tag="100" ind1=" " ind2=" ">
    <subfield code="a">Nataraj Huliyar</subfield>
    <subfield code="9">207665</subfield>
  </datafield>
  <datafield tag="100" ind1=" " ind2=" ">
    <subfield code="b">&#xCA8;&#xC9F;&#xCB0;&#xCBE;&#xC9C;&#xCCD; &#xCB9;&#xCC1;&#xCB3;&#xCBF;&#xCAF;&#xCBE;&#xCB0;&#xCCD; </subfield>
    <subfield code="9">207666</subfield>
  </datafield>
  <datafield tag="245" ind1=" " ind2=" ">
    <subfield code="a">Kathaanantara</subfield>
    <subfield code="b">&#xC95;&#xCA5;&#xCBE;&#xCA8;&#xC82;&#xCA4;&#xCB0; </subfield>
  </datafield>
  <datafield tag="260" ind1=" " ind2=" ">
    <subfield code="a">Channapattana</subfield>
    <subfield code="b">Pallava Prakashana</subfield>
    <subfield code="c">2023</subfield>
  </datafield>
  <datafield tag="300" ind1=" " ind2=" ">
    <subfield code="a">124 p.</subfield>
    <subfield code="b">PB</subfield>
    <subfield code="c">21x14 cm.</subfield>
  </datafield>
  <datafield tag="365" ind1=" " ind2=" ">
    <subfield code="a">BLCR-000064</subfield>
    <subfield code="b">&#x20B9;112.00</subfield>
    <subfield code="c">&#x20B9;</subfield>
    <subfield code="d">&#x20B9;140.00</subfield>
    <subfield code="e">20%</subfield>
    <subfield code="f">13-01-2025</subfield>
  </datafield>
  <datafield tag="520" ind1=" " ind2=" ">
    <subfield code="a">&#xC87;&#xC82;&#xCA5; &#xC95;&#xCA4;&#xCC6;&#xC97;&#xCB3; &#xCB8;&#xC82;&#xC95;&#xCB2;&#xCA8;&#xC95;&#xCCD;&#xC95;&#xCC6; "&#xC95;&#xCA5;&#xCBE;&#xCA8;&#xC82;&#xCA4;&#xCB0;' &#xC8E;&#xC82;&#xCAC; &#xCB9;&#xCC6;&#xCB8;&#xCB0;&#xCC1; &#xCAE;&#xCC2;&#xCA1;&#xCBF;&#xCA6;&#xCCD;&#xCA6;&#xCC1; &#xC95;&#xCC2;&#xCA1; &#xCB8;&#xCB9;&#xC9C;&#xCB5;&#xCBE;&#xC97;&#xCBF;&#xCA4;&#xCCD;&#xCA4;&#xCC1;. &#xC88; &#xC95;&#xCA4;&#xCC6;&#xC97;&#xCB3; &#xCAA;&#xCBE;&#xCA4;&#xCCD;&#xCB0;&#xC97;&#xCB3;&#xCB2;&#xCCD;&#xCB2;&#xCBF; &#xCA4;&#xCAE;&#xCCD;&#xCAE;&#xCA8;&#xCCD;&#xCA8;&#xCCB;, &#xCA4;&#xCAE;&#xCCD;&#xCAE; &#xCB9;&#xCA4;&#xCCD;&#xCA4;&#xCBF;&#xCB0;&#xCA6;&#xCB5;&#xCB0;&#xCA8;&#xCCD;&#xCA8;&#xCCB; &#xC95;&#xC82;&#xCA1;&#xCB5;&#xCB0;&#xCBF;&#xC97;&#xCC6; &#xCB9;&#xCCA;&#xCB3;&#xCC6;&#xCA6; &#xCB8;&#xCA4;&#xCCD;&#xCAF;&#xC97;&#xCB3;&#xCC1; &#xCB9;&#xCBE;&#xC97;&#xCC2; &#xC95;&#xCA5;&#xCBE; &#xCAA;&#xCBE;&#xCA4;&#xCCD;&#xCB0;&#xC97;&#xCB3;&#xCBF;&#xC97;&#xCC6; &#xC8E;&#xCA6;&#xCC1;&#xCB0;&#xCBE;&#xCA6; &#xCB9;&#xCCA;&#xCB8; &#xCB8;&#xCA4;&#xCCD;&#xCAF;&#xC97;&#xCB3;&#xCC1;; &#xC88; &#xC95;&#xCA4;&#xCC6;&#xC97;&#xCB3; &#xCB5;&#xCB8;&#xCCD;&#xCA4;&#xCC1;, &#xCB8;&#xCA8;&#xCCD;&#xCA8;&#xCBF;&#xCB5;&#xCC7;&#xCB6;&#xC97;&#xCB3;&#xCC1; &#xCAE;&#xCC1;&#xC82;&#xCA6;&#xCCA;&#xCAE;&#xCCD;&#xCAE;&#xCC6; &#xCA4;&#xCBE;&#xCB5;&#xCC7; &#xC95;&#xC82;&#xCA1;&#xCC1;&#xC95;&#xCCA;&#xC82;&#xCA1; &#xCB8;&#xCC2;&#xC95;&#xCCD;&#xCB7;&#xCCD;&#xCAE; &#xCB8;&#xCA4;&#xCCD;&#xCAF;&#xC97;&#xCB3;&#xCC1;... &#xC87;&#xCB5;&#xCC6;&#xCB2;&#xCCD;&#xCB2; &#xCAC;&#xCB0;&#xCAC;&#xCB0;&#xCC1;&#xCA4;&#xCCD;&#xCA4;&#xCBE; &#xC88; &#xC95;&#xCA4;&#xCC6;&#xC97;&#xCB3; &#xCB8;&#xCB9;&#xC9C; &#xCAD;&#xCBE;&#xC97;&#xC97;&#xCB3;&#xCBE;&#xC97;&#xCBF;&#xCA6;&#xCC6;; &#xC95;&#xCA4;&#xCC6;&#xCAF; &#xC85;&#xCB0;&#xCBF;&#xCB5;&#xCC2;, &#xC95;&#xCA5;&#xCBE;&#xCA8;&#xC82;&#xCA4;&#xCB0;&#xCA6; &#xC85;&#xCB0;&#xCBF;&#xCB5;&#xCC2; &#xC92;&#xC97;&#xCCD;&#xC97;&#xCC2;&#xCA1;&#xCBF; &#xCB5;&#xCBF;&#xCB8;&#xCCD;&#xCA4;&#xCA4;&#xCB5;&#xCBE;&#xCA6; &#xC85;&#xC96;&#xC82;&#xCA1; &#xC95;&#xCA4;&#xCC6;&#xC97;&#xCB3;&#xCBE;&#xC97;&#xCB2;&#xCC6;&#xCA4;&#xCCD;&#xCA8;&#xCBF;&#xCB8;&#xCBF;&#xCA6;&#xCC6;....

&#xC88; &#xCAE;&#xCBE;&#xCA4;&#xCC1;&#xC97;&#xCB3;&#xCA8;&#xCCD;&#xCA8;&#xCC1; &#xCAC;&#xCB0;&#xCC6;&#xCAF;&#xCC1;&#xCA4;&#xCCD;&#xCA4;&#xCBF;&#xCB0;&#xCC1;&#xCB5;&#xCBE;&#xC97; &#xCA8;&#xCBF;&#xCB0;&#xC9A;&#xCA8;&#xCBE;&#xCB5;&#xCBE;&#xCA6;&#xCBF; &#xC9A;&#xCBF;&#xC82;&#xCA4;&#xC95; &#xC9C;&#xCBE;&#xC95;&#xCCD;&#xCB5;&#xCC6;&#xCB8;&#xCCD;&#x200C; &#xCA1;&#xCC6;&#xCB0;&#xCBF;&#xCA1;&#xCBE;, '&#xC93;&#xCA6;&#xCC1; &#xC8E;&#xCA8;&#xCCD;&#xCA8;&#xCC1;&#xCB5;&#xCC1;&#xCA6;&#xCC1; &#xC85;&#xCB0;&#xCCD;&#xCA5;&#xCA6; &#xCA8;&#xCBF;&#xCB0;&#xC82;&#xCA4;&#xCB0; &#xCAE;&#xCC1;&#xC82;&#xCA6;&#xCC2;&#xCA1;&#xCBF;&#xC95;&#xCC6;" &#xC8E;&#xC82;&#xCA6;&#xCBF;&#xCA6;&#xCCD;&#xCA6;&#xCC1; &#xCA8;&#xCC6;&#xCA8;&#xCAA;&#xCBE;&#xCAF;&#xCBF;&#xCA4;&#xCC1;; &#xC86; &#xCAE;&#xCBE;&#xCA4;&#xCC1; &#xC87;&#xCA6;&#xCCD;&#xCA6;&#xC95;&#xCCD;&#xC95;&#xCBF;&#xCA6;&#xCCD;&#xCA6;&#xC82;&#xCA4;&#xCC6; &#xCAA;&#xCB2;&#xCCD;&#xCB2;&#xC9F;&#xC97;&#xCCA;&#xC82;&#xCA1;&#xCC1;, &#xC95;&#xCA4;&#xCC6; &#xCAC;&#xCB0;&#xCC6;&#xCAF;&#xCB5;&#xCC1;&#xCA6;&#xCC6;&#xC82;&#xCA6;&#xCB0;&#xCC6; &#xCB8;&#xCA4;&#xCCD;&#xCAF;&#xCA6; &#xCA8;&#xCBF;&#xCB0;&#xC82;&#xCA4;&#xCB0; &#xCAE;&#xCC1;&#xC82;&#xCA6;&#xCC2;&#xCA1;&#xCBF;&#xC95;&#xCC6;' &#xC8E;&#xCA8;&#xCCD;&#xCA8;&#xCBF;&#xCB8;&#xCA4;&#xCCA;&#xCA1;&#xC97;&#xCBF;&#xCA4;&#xCC1;.</subfield>
  </datafield>
  <datafield tag="650" ind1=" " ind2=" ">
    <subfield code="a">A Collection of short stories</subfield>
    <subfield code="9">194375</subfield>
  </datafield>
  <datafield tag="650" ind1=" " ind2=" ">
    <subfield code="a">&#xC95;&#xCA4;&#xCC6;&#xC97;&#xCB3;&#xCC1; </subfield>
    <subfield code="9">194376</subfield>
  </datafield>
  <datafield tag="942" ind1=" " ind2=" ">
    <subfield code="2">ddc</subfield>
    <subfield code="c">BK</subfield>
  </datafield>
  <datafield tag="999" ind1=" " ind2=" ">
    <subfield code="c">233674</subfield>
    <subfield code="d">233674</subfield>
  </datafield>
  <datafield tag="952" ind1=" " ind2=" ">
    <subfield code="0">0</subfield>
    <subfield code="1">0</subfield>
    <subfield code="2">ddc</subfield>
    <subfield code="4">0</subfield>
    <subfield code="7">0</subfield>
    <subfield code="8">BOT</subfield>
    <subfield code="a">AL</subfield>
    <subfield code="b">AL</subfield>
    <subfield code="d">2025-01-20</subfield>
    <subfield code="e">Navakarnataka Publications Pvt Ltd Mangaluru-575001</subfield>
    <subfield code="g">112.00</subfield>
    <subfield code="l">0</subfield>
    <subfield code="o">K894.3 NATK</subfield>
    <subfield code="p">077544</subfield>
    <subfield code="r">2025-01-21 00:00:00</subfield>
    <subfield code="v">140.00</subfield>
    <subfield code="w">2025-01-21</subfield>
    <subfield code="y">BK</subfield>
  </datafield>
</record>
